[Event "Wch Seniors 23rd 2013"]
[Site "Opatija"]
[Date "2013.11.12"]
[Round "1.30"]
[White "Herbrechtsmeier, Christof"]
[Black "Spika, Ivica"]
[Result "1-0"]
[WhiteElo "2302"]
[BlackElo "2018"]
[PlyCount "83"]
[EventDate "2013.11.12"]

1. e4 c5 2. Nf3 d6 3. d4 cxd4 4. Nxd4 Nf6 5. Nc3 g6 6. Be3 Bg7 7. f3 Nc6 8. Bc4
O-O 9. Qd2 Bd7 10. O-O-O Rb8 11. g4 Na5 12. Be2 Be6 13. Nxe6 fxe6 14. e5 Ne8
15. f4 Rc8 16. b3 Nc6 17. Nb5 a6 18. Nd4 Nxd4 19. Bxd4 Qc7 20. Bc4 Qd7 21. exd6
exd6 22. Bxg7 Nxg7 23. Qxd6 Qxd6 24. Rxd6 Rxf4 25. h3 Rf2 26. Re1 b5 27. Be2 a5
28. Ra6 e5 29. Bd3 Rf3 30. Bxb5 Rxh3 31. Rxe5 Rhc3 32. Bc4+ R3xc4 33. bxc4 Rxc4
34. g5 a4 35. Ra8+ Kf7 36. Ra7+ Kf8 37. Ree7 Nf5 38. Rxh7 Kg8 39. Rhc7 Rxc7 40.
Rxc7 Nd4 41. Rc4 Ne6 42. Rxa4 1-0

[Event "Wch Seniors 23rd 2013"]
[Site "Opatija"]
[Date "2013.11.12"]
[Round "1.32"]
[White "Filipenko, Alexander V"]
[Black "Schwertel, Johann"]
[Result "1-0"]
[WhiteElo "2288"]
[BlackElo "2016"]
[PlyCount "91"]
[EventDate "2013.11.12"]

1. e4 c6 2. Nc3 d5 3. Nf3 dxe4 4. Nxe4 Nf6 5. Nxf6+ exf6 6. Bc4 Bd6 7. Qe2+ Qe7
8. Qxe7+ Bxe7 9. O-O O-O 10. Re1 Bd6 11. d4 Nd7 12. Bb3 Nb6 13. c4 c5 14. Be3
Nd7 15. Rad1 cxd4 16. Nxd4 Nc5 17. Nb5 Nxb3 18. Nxd6 Na5 19. b3 Nc6 20. Nxc8
Rfxc8 21. Rd7 b6 22. Red1 Rd8 23. Kf1 Rxd7 24. Rxd7 Ne5 25. Rb7 Nc6 26. Ke2 Nd8
27. Rd7 Ne6 28. Kd3 Kf8 29. Kc3 Ke8 30. Rd5 Rc8 31. a4 Nc7 32. Rh5 h6 33. a5
bxa5 34. Rxa5 a6 35. Bb6 Nb5+ 36. Kb4 Nd6 37. Rxa6 Kd7 38. f3 Nb7 39. Bd4 Nd8
40. Kc3 Ne6 41. Ra7+ Ke8 42. Be3 f5 43. b4 f4 44. Bf2 g5 45. b5 h5 46. h3 {
Dirty manuscript!} 1-0

[Event "Wch Seniors 23rd 2013"]
[Site "Opatija"]
[Date "2013.11.12"]
[Round "1.33"]
[White "Ramos, Cesar"]
[Black "Piasetski, Leon"]
[Result "0-1"]
[WhiteElo "2009"]
[BlackElo "2288"]
[PlyCount "70"]
[EventDate "2013.11.12"]

1. e4 g6 2. d4 Bg7 3. Nf3 d6 4. Bc4 Nf6 5. e5 dxe5 6. Nxe5 O-O 7. O-O c5 8.
dxc5 Qc7 9. Qe2 Qxc5 10. Nc3 Nbd7 11. Nf3 a6 12. Bb3 b5 13. Ne4 Qc7 14. Bg5 Bb7
15. Nxf6+ exf6 16. Be3 Rfe8 17. Nd4 Nc5 18. Rad1 Bh6 19. Qd2 Bxe3 20. fxe3 Qe5
21. Rde1 Ne4 22. Qd1 f5 23. Nf3 Qe7 24. c3 Rad8 25. Qe2 Nf6 26. Nd4 Ng4 27.
Rxf5 gxf5 28. Nxf5 Qg5 29. Qxg4 Qxg4 30. Nh6+ Kg7 31. Nxg4 Rd2 32. Nf2 Rxb2 33.
e4 Rd8 34. Nd1 Rb1 35. Kf2 a5 0-1

[Event "Wch Seniors 23rd 2013"]
[Site "Opatija"]
[Date "2013.11.12"]
[Round "1.34"]
[White "Hess, Christian"]
[Black "Morriss, Pete"]
[Result "0-1"]
[WhiteElo "2285"]
[BlackElo "2008"]
[PlyCount "80"]
[EventDate "2013.11.12"]

1. Nf3 Nf6 2. c4 e6 3. g3 a6 4. Bg2 b5 5. Ne5 Ra7 6. cxb5 axb5 7. Qb3 Bb7 8.
O-O Bxg2 9. Kxg2 c6 10. Qf3 Bd6 11. Ng4 Nxg4 12. Qxg4 O-O 13. d4 f5 14. Qf3 Na6
15. Nc3 Nb4 16. e3 Nc2 17. Rb1 b4 18. Qe2 Nxd4 19. exd4 bxc3 20. b4 Qa8 21. Qf3
Rxa2 22. Kg1 c2 23. Rb3 Qa6 24. d5 Ra1 25. dxe6 Qxf1+ 26. Kxf1 Rxc1+ 27. Kg2
Rg1+ 28. Kxg1 c1=Q+ 29. Kg2 dxe6 30. Rc3 Qb1 31. Qxc6 Qxb4 32. Re3 e5 33. Rd3
Bb8 34. Qe6+ Kh8 35. Rd7 Qe4+ 36. Kg1 Qb4 37. h4 f4 38. Qg4 Qe1+ 39. Kg2 Qe4+
40. Kg1 Qg6 0-1

[Event "Wch Seniors 23rd 2013"]
[Site "Opatija"]
[Date "2013.11.12"]
[Round "1.35"]
[White "Mckerracher, Douglas"]
[Black "Thormann, Wolfgang"]
[Result "0-1"]
[WhiteElo "2006"]
[BlackElo "2271"]
[PlyCount "68"]
[EventDate "2013.11.12"]

1. e4 e6 2. d3 d5 3. Nd2 c5 4. Ngf3 Nc6 5. g3 Nge7 6. Bg2 g6 7. O-O Bg7 8. Re1
b6 9. a3 a5 10. Rb1 Ra7 11. Nf1 h6 12. Bd2 Bb7 13. h4 b5 14. N1h2 c4 15. exd5
exd5 16. dxc4 bxc4 17. c3 Bc8 18. Be3 Rb7 19. Nd4 Ne5 20. Bf1 O-O 21. f4 N5c6
22. Qd2 Nxd4 23. Bxd4 Bxd4+ 24. Qxd4 Nf5 25. Qf2 Be6 26. Re2 Qb6 27. Kg2 Nd6
28. Qxb6 Rxb6 29. Nf3 Bf5 30. Rd1 Bd3 31. Re5 Rxb2+ 32. Kh3 Ne4 33. Rc1 Nf2+
34. Kh2 Ng4+ 0-1

[Event "Wch Seniors 23rd 2013"]
[Site "Opatija"]
[Date "2013.11.12"]
[Round "1.36"]
[White "Kiefer, Gerhard"]
[Black "Nilsson, Weine"]
[Result "1-0"]
[WhiteElo "2271"]
[BlackElo "2003"]
[PlyCount "49"]
[EventDate "2013.11.12"]

1. e4 c5 2. Nf3 g6 3. d4 cxd4 4. Qxd4 Nf6 5. Nc3 Nc6 6. Qa4 d6 7. e5 Ng4 8. Bb5
Ngxe5 9. Nxe5 dxe5 10. Be3 Bd7 11. O-O-O Qc8 12. Rxd7 Qxd7 13. Rd1 Qc8 14. Nd5
f6 15. Qc4 h5 16. f4 exf4 17. Bxf4 Bh6 18. Bxh6 Rxh6 19. Nxf6+ exf6 20. Qg8+
Ke7 21. Qg7+ Ke6 22. Bc4+ Ke5 23. Qxh6 Qg4 24. Qe3+ Qe4 25. Rd5+ 1-0

[Event "Wch Seniors 23rd 2013"]
[Site "Opatija"]
[Date "2013.11.12"]
[Round "1.37"]
[White "Skok, Joze"]
[Black "Kolbak, Jens"]
[Result "1/2-1/2"]
[WhiteElo "2003"]
[BlackElo "2271"]
[PlyCount "73"]
[EventDate "2013.11.12"]

1. e4 e5 2. Nf3 Nc6 3. Bb5 Bc5 4. O-O Nd4 5. Nxd4 Bxd4 6. c3 Bb6 7. d4 c6 8.
Bc4 d6 9. Re1 Nf6 10. Bg5 h6 11. Bh4 Qe7 12. a4 g5 13. Bg3 O-O 14. a5 Bc7 15.
Nd2 Be6 16. h3 Rad8 17. Qe2 Rfe8 18. b3 Qf8 19. Qf3 Qg7 20. dxe5 dxe5 21. Bxe6
Rxe6 22. Nc4 Qg6 23. Qf5 Rde8 24. Qxg6+ fxg6 25. Rad1 b5 26. axb6 axb6 27. f3
b5 28. Ne3 Ra8 29. Ra1 Ree8 30. Ng4 Nxg4 31. hxg4 Kf7 32. Kf2 h5 33. gxh5 gxh5
34. Ke2 Ke6 35. Bf2 g4 36. fxg4 hxg4 37. Rh1 1/2-1/2

[Event "Wch Seniors 23rd 2013"]
[Site "Opatija"]
[Date "2013.11.12"]
[Round "1.38"]
[White "La Rota, Fabio"]
[Black "Jorgensen, Arne Bjorn"]
[Result "1-0"]
[WhiteElo "2258"]
[BlackElo "1999"]
[PlyCount "141"]
[EventDate "2013.11.12"]

1. e4 e6 2. Qe2 c5 3. Nf3 Nc6 4. g3 g6 5. Bg2 Bg7 6. O-O Nf6 7. c3 d5 8. d3 O-O
9. Na3 a6 10. Nc2 d4 11. cxd4 cxd4 12. e5 Nd7 13. Bf4 h6 14. h4 Qa5 15. Rfe1
Qb6 16. b4 a5 17. a3 Rd8 18. Qe4 axb4 19. axb4 Rxa1 20. Rxa1 Qb5 21. Nfxd4 Nxd4
22. Qxd4 Bxe5 23. Bxe5 Qxe5 24. Qxe5 Nxe5 25. Ra8 Rf8 26. Ra3 Kg7 27. f4 Nd7
28. Ra7 b6 29. Ra8 Nf6 30. Rb8 Ba6 31. Rxb6 Bxd3 32. Nd4 Rc8 33. Nc6 Nd5 34.
Bxd5 exd5 35. Ne5 Rc1+ 36. Kf2 Bc4 37. Rb7 Rc2+ 38. Ke3 Rc3+ 39. Kf2 Rc2+ 40.
Kg1 d4 41. Rd7 Rc1+ 42. Kf2 Rc2+ 43. Ke1 Be6 44. Rxd4 h5 45. Nd3 Bf5 46. Kd1
Rg2 47. b5 Rxg3 48. Nb4 Bc8 49. b6 Rg4 50. Rc4 Bb7 51. Kd2 Rxh4 52. Rc7 Rxf4
53. Nd3 Rf5 54. Rxb7 h4 55. Rb8 Rb5 56. Ke3 g5 57. b7 Kf6 58. Nc5 Rxc5 59. Rc8
Rb5 60. b8=Q Rxb8 61. Rxb8 Kf5 62. Rb4 Kg6 63. Kf3 f5 64. Rb8 Kf6 65. Rg8 h3
66. Kg3 g4 67. Kf4 Kf7 68. Rg5 Kf6 69. Rxf5+ Kg6 70. Kxg4 h2 71. Rh5 1-0

[Event "Wch Seniors 23rd 2013"]
[Site "Opatija"]
[Date "2013.11.12"]
[Round "1.39"]
[White "Mortensen, Steen Juul"]
[Black "Jorgensen, Jorgen"]
[Result "0-1"]
[WhiteElo "1999"]
[BlackElo "2257"]
[PlyCount "50"]
[EventDate "2013.11.12"]

1. d4 f5 2. e4 fxe4 3. Nc3 Nf6 4. Bg5 Nc6 5. d5 Ne5 6. Qe2 Nf7 7. h4 c6 8.
O-O-O cxd5 9. Nxd5 Nxd5 10. Rxd5 Nxg5 11. Rxg5 g6 12. Rg3 Bh6+ 13. Kb1 Bf4 14.
Rb3 d5 15. g3 Be5 16. f3 O-O 17. fxe4 dxe4 18. Bh3 Rf2 19. Qe1 Qd2 20. Qxd2
Rxd2 21. Kc1 Rf2 22. Re3 Bf5 23. c3 Rd8 24. Bxf5 Rf1+ 25. Kc2 gxf5 0-1

[Event "Wch Seniors 23rd 2013"]
[Site "Opatija"]
[Date "2013.11.12"]
[Round "1.40"]
[White "Turikov, Viktor"]
[Black "Carlsten, Peter"]
[Result "1-0"]
[WhiteElo "2256"]
[BlackElo "1997"]
[PlyCount "67"]
[EventDate "2013.11.12"]

1. Nf3 f5 2. g3 Nf6 3. Bg2 g6 4. O-O Bg7 5. c4 O-O 6. Nc3 d6 7. d3 c5 8. Rb1
Nc6 9. a3 a5 10. Bd2 Bd7 11. Nd5 Nxd5 12. cxd5 Nd4 13. Ng5 h6 14. e3 hxg5 15.
exd4 g4 16. dxc5 dxc5 17. Re1 Bf6 18. Bc3 Ra6 19. Qd2 Kg7 20. Re2 Rf7 21. Rbe1
b5 22. Be5 b4 23. Qc1 Bb5 24. Qxc5 Bxd3 25. Bxf6+ exf6 26. Re8 Qd6 27. axb4
axb4 28. Qd4 Bb5 29. R8e6 Qf8 30. d6 Kg8 31. Qxb4 Bd7 32. Re7 Bc6 33. Bxc6 Rxc6
34. Re8 1-0

[Event "Wch Seniors 23rd 2013"]
[Site "Opatija"]
[Date "2013.11.12"]
[Round "1.41"]
[White "Hocevar, Nikola"]
[Black "Frick, Christoph"]
[Result "0-1"]
[WhiteElo "1996"]
[BlackElo "2254"]
[PlyCount "64"]
[EventDate "2013.11.12"]

1. d4 d5 2. Nf3 Nf6 3. e3 Bf5 4. c4 c6 5. Nc3 e6 6. Qb3 Qb6 7. c5 Qc7 8. Ne5
Nbd7 9. f4 Be7 10. Be2 Nxe5 11. fxe5 Nd7 12. O-O O-O 13. Bd2 f6 14. e4 Bg6 15.
exf6 Rxf6 16. Rxf6 Bxf6 17. e5 Nxe5 18. dxe5 Bxe5 19. h3 Bd4+ 20. Kh1 Bxc5 21.
Na4 Bd6 22. Rc1 b6 23. Qc3 c5 24. b4 c4 25. Bf3 Re8 26. Re1 Qd8 27. Qd4 Qf6 28.
Qxf6 gxf6 29. a3 Be5 30. Nc3 d4 31. Ne4 c3 32. Bc1 d3 0-1

[Event "Wch Seniors 23rd 2013"]
[Site "Opatija"]
[Date "2013.11.12"]
[Round "1.42"]
[White "Kierzek, Matthias"]
[Black "Andreas, Guenter"]
[Result "1-0"]
[WhiteElo "2250"]
[BlackElo "1990"]
[PlyCount "67"]
[EventDate "2013.11.12"]

1. d4 d5 2. c4 c6 3. Nf3 Nf6 4. Nc3 Nbd7 5. Bg5 g6 6. e3 Bg7 7. cxd5 cxd5 8.
Bd3 O-O 9. O-O Nb6 10. h3 Nfd7 11. Qb3 Nb8 12. a4 f6 13. a5 fxg5 14. axb6 Nc6
15. Qxd5+ Qxd5 16. Nxd5 g4 17. Nc7 gxf3 18. Bc4+ Kh8 19. Nxa8 fxg2 20. Kxg2 Bf5
21. Nc7 axb6 22. Ne6 Rc8 23. Nxg7 Kxg7 24. Bd5 Nb4 25. Bxb7 Rc7 26. Bf3 Rc2 27.
e4 Bd7 28. Rfc1 Rd2 29. Rc7 Rxd4 30. Raa7 Be6 31. e5 Nd5 32. Rxe7+ Nxe7 33.
Rxe7+ Bf7 34. e6 1-0

[Event "Wch Seniors 23rd 2013"]
[Site "Opatija"]
[Date "2013.11.12"]
[Round "1.43"]
[White "Cao, Jorge"]
[Black "Gruzmann, Boris"]
[Result "0-1"]
[WhiteElo "1990"]
[BlackElo "2249"]
[PlyCount "54"]
[EventDate "2013.11.12"]

1. d4 Nf6 2. c4 g6 3. Nc3 Bg7 4. e4 d6 5. f3 Nc6 6. Be3 a6 7. Qd2 Rb8 8. Bd3 e5
9. Nge2 exd4 10. Nxd4 O-O 11. O-O Nd7 12. Be2 Re8 13. Rad1 Nf8 14. c5 Nxd4 15.
Bxd4 Bxd4+ 16. Qxd4 Ne6 17. Qe3 Nxc5 18. Qh6 b5 19. b4 Na4 20. Nd5 c6 21. Nf4
Nc3 22. Rd2 d5 23. Rc1 Qb6+ 24. Kf1 Qe3 25. Rdc2 Nxe2 26. Rxe2 Qxc1+ 27. Kf2
dxe4 0-1

[Event "Wch Seniors 23rd 2013"]
[Site "Opatija"]
[Date "2013.11.12"]
[Round "1.44"]
[White "Brinck-Claussen, Bjorn"]
[Black "Green, Per"]
[Result "1-0"]
[WhiteElo "2248"]
[BlackElo "1990"]
[PlyCount "61"]
[EventDate "2013.11.12"]

1. d4 Nf6 2. c4 e6 3. Nc3 Bb4 4. e3 O-O 5. Bd3 d5 6. Nf3 c5 7. O-O dxc4 8. Bxc4
Nbd7 9. Qe2 b6 10. a3 cxd4 11. axb4 dxc3 12. bxc3 Qc7 13. Bb2 Bb7 14. Ba6 Be4
15. Nd2 Bg6 16. c4 Rfd8 17. Rfc1 e5 18. e4 Nb8 19. Bb5 Qd6 20. c5 bxc5 21. Nc4
Qe6 22. bxc5 Bxe4 23. Nxe5 a6 24. c6 Rc8 25. Nd7 Nxc6 26. Nc5 Qf5 27. Nxe4 axb5
28. Nxf6+ gxf6 29. Rxa8 Rxa8 30. Rxc6 Ra2 31. Rc2 1-0

[Event "Wch Seniors 23rd 2013"]
[Site "Opatija"]
[Date "2013.11.12"]
[Round "1.45"]
[White "Zybura, Andre"]
[Black "Sorensen, Bent"]
[Result "0-1"]
[WhiteElo "1990"]
[BlackElo "2247"]
[PlyCount "54"]
[EventDate "2013.11.12"]

1. e4 e6 2. d4 d5 3. e5 c5 4. c3 Bd7 5. Nf3 Nc6 6. Bd3 Nge7 7. O-O cxd4 8. Bg5
Qb6 9. Na3 Ng6 10. cxd4 Nxd4 11. Nxd4 Qxd4 12. Nb5 Qxe5 13. Re1 Qxg5 14. Nc7+
Kd8 15. Nxa8 Bd6 16. Rc1 Bc6 17. Rxc6 bxc6 18. Qa4 Nh4 19. Qa5+ Ke8 20. Be4 Ke7
21. Nc7 Qe5 22. Bxd5 Qxh2+ 23. Kf1 Bxc7 24. Qb4+ Bd6 25. Qb7+ Kf6 26. Bxc6 Rb8
27. Qxa7 Qh1+ 0-1

[Event "Wch Seniors 23rd 2013"]
[Site "Opatija"]
[Date "2013.11.12"]
[Round "1.46"]
[White "Lederman, Leon"]
[Black "Trtanj, Zoran"]
[Result "1-0"]
[WhiteElo "2245"]
[BlackElo "1986"]
[PlyCount "63"]
[EventDate "2013.11.12"]

1. e4 c6 2. d4 d5 3. Nc3 dxe4 4. Nxe4 Bf5 5. Ng3 Bg6 6. h4 h6 7. Nf3 Nd7 8. h5
Bh7 9. Bd3 Bxd3 10. Qxd3 e6 11. Bd2 Ngf6 12. O-O-O a5 13. Qe2 a4 14. a3 Be7 15.
Ne5 O-O 16. f4 Qb6 17. Nc4 Qb5 18. f5 exf5 19. Rhf1 Rfe8 20. Rxf5 Bf8 21. Qd3
c5 22. d5 Qa6 23. Bc3 b5 24. Ne5 c4 25. Qf3 Nxe5 26. Rxe5 b4 27. Rxe8 bxc3 28.
Rxa8 cxb2+ 29. Kb1 Qxa8 30. d6 Qxf3 31. gxf3 Nd7 32. Kxb2 1-0

[Event "Wch Seniors 23rd 2013"]
[Site "Opatija"]
[Date "2013.11.12"]
[Round "1.47"]
[White "Ramusch, Arnulf"]
[Black "Medancic, Rikard"]
[Result "0-1"]
[WhiteElo "1979"]
[BlackElo "2244"]
[PlyCount "96"]
[EventDate "2013.11.12"]

1. d4 Nf6 2. Nf3 e6 3. e3 b6 4. Bd3 Be7 5. O-O c5 6. c4 Bb7 7. Nc3 O-O 8. d5
exd5 9. cxd5 d6 10. e4 Ba6 11. Bxa6 Nxa6 12. h3 Nc7 13. Be3 b5 14. Nd2 Nd7 15.
g4 Bf6 16. Qc2 Re8 17. Ne2 Qe7 18. Rab1 Bg5 19. Bxg5 Qxg5 20. Ng3 Qf4 21. Nh5
Qh6 22. Kg2 Re7 23. Ng3 g6 24. f4 Qg7 25. Nf3 Nb6 26. Rbe1 Rae8 27. b3 b4 28.
Rd1 Nb5 29. e5 Nc3 30. Ne4 Nbxd5 31. Rxd5 Nxd5 32. Qd2 dxe5 33. Qxd5 exf4 34.
Nfd2 Re5 35. Qc4 g5 36. Nxc5 Rc8 37. Nde4 Rxe4 38. Qxe4 Rxc5 39. Qxb4 Qe5 40.
Re1 f3+ 41. Kf1 Rc1 42. Qd2 Rxe1+ 43. Qxe1 Qh2 44. Qe3 Qxh3+ 45. Ke1 Qxg4 46.
Qxa7 Qe4+ 47. Kd1 Qe2+ 48. Kc1 f2 0-1

[Event "Wch Seniors 23rd 2013"]
[Site "Opatija"]
[Date "2013.11.12"]
[Round "1.48"]
[White "Giulian, Philip M"]
[Black "Theting, Helge E"]
[Result "0-1"]
[WhiteElo "2244"]
[BlackElo "1979"]
[PlyCount "82"]
[EventDate "2013.11.12"]

1. d4 g6 2. c4 Bg7 3. e4 d6 4. Nc3 Nc6 5. Be3 e5 6. Nge2 Bd7 7. Qd2 Nf6 8. d5
Na5 9. Nc1 b6 10. f3 Qe7 11. Bd3 Nb7 12. Nb5 Bc8 13. O-O a6 14. Nc3 O-O 15.
N1e2 Nc5 16. Bc2 a5 17. Nb5 Ne8 18. Rab1 f5 19. exf5 gxf5 20. f4 e4 21. Ng3 Nf6
22. h3 Qf7 23. b3 h5 24. a3 h4 25. Ne2 Na6 26. Qe1 Qh5 27. Bf2 Kf7 28. Bxh4 Rh8
29. Bf2 Bd7 30. Bd4 Rag8 31. Kf2 Nxd5 32. Nxd6+ cxd6 33. cxd5 Bxd4+ 34. Nxd4
Qh4+ 35. Ke3 Rg3+ 36. Kd2 Rxg2+ 37. Kc3 Qxh3+ 38. Kb2 Nc5 39. Ka1 Qg4 40. Qc3
Rh3 41. Qc4 Rgg3 0-1

[Event "Wch Seniors 23rd 2013"]
[Site "Opatija"]
[Date "2013.11.12"]
[Round "1.49"]
[White "Acosta, Mariano"]
[Black "Harestad, Thor Geir"]
[Result "0-1"]
[WhiteElo "1978"]
[BlackElo "2238"]
[PlyCount "69"]
[EventDate "2013.11.12"]

1. d4 Nf6 2. Nf3 g6 3. Bg5 Bg7 4. Nbd2 c5 5. c3 cxd4 6. cxd4 O-O 7. e4 d6 8.
Bc4 Bg4 9. h3 Bxf3 10. Qxf3 Nc6 11. Nb3 Rc8 12. O-O Na5 13. Nxa5 Qxa5 14. Bd5
Nxd5 15. exd5 Rfe8 16. Rfd1 Rc7 17. Bd2 Qa4 18. Bc3 Rec8 19. Rd3 Qc4 20. b3 Qb5
21. Re1 Bf6 22. g3 a5 23. a4 Qa6 24. h4 b5 25. h5 bxa4 26. bxa4 Rc4 27. Rde3
Qa7 28. Bxa5 Qxa5 29. Rxe7 Rc1 30. Kh2 Bxe7 31. Rxe7 Rf8 32. h6 Qd2 33. Re3
Qxd4 34. Re4 Qd1 35. Re2 0-1

[Event "Wch Seniors 23rd 2013"]
[Site "Opatija"]
[Date "2013.11.12"]
[Round "1.50"]
[White "Lind, Jan-Olof"]
[Black "Blaeser, Romain"]
[Result "1-0"]
[WhiteElo "2238"]
[BlackElo "1971"]
[PlyCount "35"]
[EventDate "2013.11.12"]

1. e4 g6 2. d3 Bg7 3. Nf3 c6 4. g3 d5 5. Nbd2 e5 6. Bg2 Ne7 7. O-O O-O 8. Re1
Qc7 9. Qe2 Nd7 10. b3 Re8 11. Bb2 f6 12. d4 dxe4 13. Nxe4 exd4 14. Neg5 Ne5 15.
Nxe5 fxe5 16. Qc4+ Kh8 17. Nf7+ Kg8 18. Nd6+ 1-0

[Event "Wch Seniors 23rd 2013"]
[Site "Opatija"]
[Date "2013.11.12"]
[Round "1.51"]
[White "Waisberg, Arnold"]
[Black "Gergel, Vladimir P"]
[Result "0-1"]
[WhiteElo "1971"]
[BlackElo "2237"]
[PlyCount "54"]
[EventDate "2013.11.12"]

1. e4 e5 2. Bc4 Nc6 3. Nc3 d6 4. d3 Nf6 5. Bg5 Be7 6. Qd2 h6 7. Be3 Ng4 8. Nge2
Nxe3 9. Qxe3 Bg5 10. Qf3 O-O 11. a3 Be6 12. Nd5 Na5 13. Ba2 c6 14. Ne3 c5 15.
Nd5 Nc6 16. O-O Nd4 17. Nxd4 cxd4 18. c3 dxc3 19. bxc3 Rc8 20. Bc4 b6 21. Ba6
Rc5 22. d4 Ra5 23. Bc4 Qd7 24. Qd3 Kh8 25. Rfb1 f5 26. Rb5 fxe4 27. Qxe4 Rxb5
0-1

[Event "Wch Seniors 23rd 2013"]
[Site "Opatija"]
[Date "2013.11.12"]
[Round "1.52"]
[White "Schmidt, Gerhard"]
[Black "Gonzalez Pabollet, Jesus Maria"]
[Result "1-0"]
[WhiteElo "2237"]
[BlackElo "1970"]
[PlyCount "79"]
[EventDate "2013.11.12"]

1. d4 c5 2. dxc5 Qa5+ 3. c3 Qxc5 4. e4 Nf6 5. Bd3 d6 6. Nf3 a6 7. Be3 Qc7 8.
O-O Bg4 9. Nbd2 Nc6 10. Qb3 Nd7 11. Qc2 Nde5 12. Nxe5 Nxe5 13. h3 Nxd3 14. Qxd3
Be6 15. c4 Rc8 16. b3 g6 17. Bd4 f6 18. f4 Bg7 19. Nf3 Bd7 20. Rae1 b5 21. Rc1
O-O 22. c5 e5 23. Be3 dxc5 24. Bxc5 Rfd8 25. fxe5 fxe5 26. b4 Be6 27. Ng5 Bc4
28. Rxc4 bxc4 29. Qxc4+ Kh8 30. Nf7+ Kg8 31. Nd6+ Kh8 32. Nf7+ Kg8 33. Nd6+ Kh8
34. Nxc8 Rxc8 35. Qxa6 Bh6 36. Rd1 Qf7 37. Qa7 Qc4 38. Qd7 Ra8 39. Qd5 Qxa2 40.
Qxa2 1-0

[Event "Wch Seniors 23rd 2013"]
[Site "Opatija"]
[Date "2013.11.12"]
[Round "1.53"]
[White "Bornand, Herbert"]
[Black "Giesen, Dieter"]
[Result "0-1"]
[WhiteElo "1966"]
[BlackElo "2235"]
[PlyCount "35"]
[EventDate "2013.11.12"]

1. d4 d5 2. Bg5 c6 3. c3 Bf5 4. Nd2 Qb6 5. Qb3 Nd7 6. Ngf3 h6 7. Bf4 Ngf6 8. h3
e6 9. g4 Bh7 10. Bg2 Be7 11. Ne5 Nxe5 12. Bxe5 O-O 13. O-O-O Nd7 14. Bg3 c5 15.
dxc5 Nxc5 16. Qxb6 axb6 17. a3 Rfc8 18. e4 0-1

[Event "Wch Seniors 23rd 2013"]
[Site "Opatija"]
[Date "2013.11.12"]
[Round "1.54"]
[White "Moen, Ole Christian"]
[Black "Diaz Franco, Francisco Jorge"]
[Result "1-0"]
[WhiteElo "2232"]
[BlackElo "1966"]
[PlyCount "105"]
[EventDate "2013.11.12"]

1. e4 c6 2. d4 d5 3. Nc3 dxe4 4. Nxe4 Nf6 5. Nxf6+ gxf6 6. Be3 Bf5 7. Ne2 e6 8.
Ng3 Bg6 9. h4 h5 10. c3 Bd6 11. Be2 Bxg3 12. fxg3 Qc7 13. Bf4 e5 14. dxe5 fxe5
15. Bg5 Nd7 16. O-O Kf8 17. Qd2 Kg7 18. Rad1 Nc5 19. Bf6+ Kh7 20. Qe3 Nd7 21.
Bxh8 Rxh8 22. Bd3 Nf8 23. Qg5 Kg7 24. Bc4 Nh7 25. Qd2 Nf6 26. Be2 Qb6+ 27. Kh2
Nd5 28. Bd3 e4 29. Be2 Ne3 30. b4 Nxf1+ 31. Bxf1 Re8 32. Be2 a5 33. Qd7 Re6 34.
Bc4 Rf6 35. bxa5 Qxa5 36. Qd4 Qc7 37. Rf1 Qe7 38. a4 c5 39. Qxf6+ Qxf6 40. Rxf6
Kxf6 41. a5 Ke5 42. Kg1 f5 43. Kf2 Be8 44. Ke3 Bg6 45. Bb5 Kf6 46. Bc6 Ke5 47.
Bxb7 Kd6 48. Kf4 Bf7 49. Ba6 Be6 50. Be2 Kc6 51. Bxh5 Kb5 52. Be2+ Kxa5 53. g4
1-0

[Event "Wch Seniors 23rd 2013"]
[Site "Opatija"]
[Date "2013.11.12"]
[Round "1.55"]
[White "Tavcar, Rado"]
[Black "Postler, Reinhard"]
[Result "0-1"]
[WhiteElo "1956"]
[BlackElo "2232"]
[PlyCount "118"]
[EventDate "2013.11.12"]

1. d4 Nf6 2. c4 e6 3. Nf3 c5 4. d5 exd5 5. cxd5 d6 6. Nc3 g6 7. e4 Bg7 8. Be2
O-O 9. O-O a6 10. a4 Bg4 11. Nd2 Bxe2 12. Qxe2 Nbd7 13. Nc4 Nb6 14. Ne3 Re8 15.
Qc2 Qc7 16. Bd2 Nbd7 17. a5 c4 18. f3 b5 19. axb6 Nxb6 20. Na4 Nfd7 21. Kh1 Bd4
22. Ng4 Bg7 23. Bc3 h5 24. Nf2 Nxa4 25. Rxa4 Nb6 26. Ra3 Nd7 27. Rfa1 Bxc3 28.
Rxc3 Rec8 29. Nd1 Ne5 30. Ne3 Qb6 31. Rd1 Rab8 32. f4 Ng4 33. Nxg4 hxg4 34. Rd2
Qa5 35. g3 Rc5 36. Kg2 Rb3 37. Qc1 Qb4 38. h3 gxh3+ 39. Kxh3 Kg7 40. Rf2 Qb7
41. Rcf3 f6 42. g4 Qe7 43. Qc2 Qb7 44. Kg3 Qb4 45. g5 Rxf3+ 46. Kxf3 c3 47.
gxf6+ Kf7 48. b3 Qd4 49. Rh2 Qxf6 50. Rh7+ Kg8 51. Rd7 Qh4 52. Rxd6 Qh3+ 53.
Ke2 Qg3 54. Rf6 Ra5 55. d6 Ra1 56. Rxg6+ Qxg6 57. d7 Qg4+ 58. Ke3 Qg1+ 59. Kd3
Rd1+ 0-1

[Event "Wch Seniors 23rd 2013"]
[Site "Opatija"]
[Date "2013.11.12"]
[Round "1.56"]
[White "Hammar, Bengt"]
[Black "Yakovlev, Yuri S"]
[Result "1-0"]
[WhiteElo "2231"]
[BlackElo "1951"]
[PlyCount "53"]
[EventDate "2013.11.12"]

1. e4 c5 2. Nf3 e6 3. d4 cxd4 4. Nxd4 a6 5. Bd3 b5 6. O-O Bb7 7. a4 b4 8. Be3
Qc7 9. Nd2 Nf6 10. f4 h5 11. Kh1 Nc6 12. Qe2 Ng4 13. Bg1 g5 14. Nxc6 Bxc6 15.
fxg5 Bc5 16. Nf3 Bxg1 17. Kxg1 Ke7 18. a5 Rag8 19. Qd2 Qa7+ 20. Kh1 d6 21. c3
bxc3 22. Qxc3 Qb7 23. Rae1 Rc8 24. Qd2 Ne5 25. Nxe5 dxe5 26. Qf2 Ke8 27. Bxa6
1-0

[Event "Wch Seniors 23rd 2013"]
[Site "Opatija"]
[Date "2013.11.12"]
[Round "1.58"]
[White "Trois, Francisco R.T"]
[Black "Marks, Ian A"]
[Result "1/2-1/2"]
[WhiteElo "2229"]
[BlackElo "1948"]
[PlyCount "48"]
[EventDate "2013.11.12"]

1. e4 e6 2. d4 d5 3. Nd2 Nf6 4. e5 Nfd7 5. Bd3 c5 6. c3 Nc6 7. Ne2 cxd4 8. cxd4
f6 9. exf6 Nxf6 10. Nf3 Bd6 11. O-O O-O 12. Bf4 Bxf4 13. Nxf4 Qd6 14. g3 Ne4
15. Qe2 g5 16. Bxe4 gxf4 17. Bd3 Bd7 18. Ng5 Nxd4 19. Qh5 Qe7 20. Bxh7+ Kg7 21.
Bd3 Kg8 22. Bh7+ Kg7 23. Bd3 Kg8 24. Bh7+ Kg7 1/2-1/2

[Event "Wch Seniors 23rd 2013"]
[Site "Opatija"]
[Date "2013.11.12"]
[Round "1.60"]
[White "Fucak, Emilijo"]
[Black "Lovejoy, David"]
[Result "1-0"]
[WhiteElo "2223"]
[BlackElo "1943"]
[PlyCount "61"]
[EventDate "2013.11.12"]

1. c4 Nf6 2. g3 g6 3. Bg2 Bg7 4. Nc3 d6 5. e4 O-O 6. Nge2 Nc6 7. O-O a6 8. Rb1
Rb8 9. a4 a5 10. d3 e5 11. h3 Ne8 12. Be3 f5 13. Qd2 Nf6 14. b3 Kh8 15. Nd5
Nxd5 16. exd5 Nb4 17. d4 c6 18. dxe5 Bxe5 19. dxc6 bxc6 20. Rfd1 Re8 21. Nd4
Bb7 22. Nf3 Qe7 23. Bb6 c5 24. Nxe5 Bxg2 25. Kxg2 Rxb6 26. Nf3 Qb7 27. Re1 Re4
28. Kg1 Rxe1+ 29. Rxe1 Qxf3 30. Qh6 Rb8 31. Re7 1-0

[Event "Wch Seniors 23rd 2013"]
[Site "Opatija"]
[Date "2013.11.12"]
[Round "1.61"]
[White "Belokopyt, Boris"]
[Black "Karason, Askell O"]
[Result "1/2-1/2"]
[WhiteElo "1942"]
[BlackElo "2220"]
[PlyCount "109"]
[EventDate "2013.11.12"]

1. e4 c5 2. Nf3 Nc6 3. d4 cxd4 4. Nxd4 g6 5. Nc3 Bg7 6. Be3 Nf6 7. Be2 O-O 8.
Qd2 d5 9. exd5 Nxd5 10. Nxd5 Nxd4 11. Bxd4 Qxd5 12. Bxg7 Qxd2+ 13. Kxd2 Kxg7
14. Bd3 Be6 15. Rae1 Rfd8 16. b3 Rac8 17. f4 Rd4 18. Rhf1 Kf6 19. h3 h5 20. Re4
Rxe4 21. Bxe4 b5 22. a3 h4 23. Rf3 Bf5 24. Bd3 e6 25. c4 bxc4 26. bxc4 Bxd3 27.
Kxd3 Kf5 28. Rf2 Rd8+ 29. Kc3 Ke4 30. c5 Rd1 31. Kc4 a6 32. Rc2 Rd4+ 33. Kb3
Rd7 34. Kb4 Kd5 35. Ka5 Kc6 36. Kxa6 Rd4 37. Ka5 Rxf4 38. a4 e5 39. Rb2 Kxc5
40. Rc2+ Rc4 41. Rxc4+ Kxc4 42. Kb6 e4 43. a5 e3 44. a6 e2 45. a7 e1=Q 46. a8=Q
Qe6+ 47. Qc6+ Qxc6+ 48. Kxc6 Kd4 49. Kd6 Ke4 50. Ke7 f5 51. Kf6 f4 52. Kg5 Ke3
53. Kxh4 Kf2 54. Kg4 Kxg2 55. Kxf4 1/2-1/2